Представление документа в формате MARC21

Поле Инд. ПП Название Значение
Тип записи a
Библиографический уровень m
001 Контрольный номер 625469ab83374901a7c541a66df8e16f
005 Дата корректировки 20260219094551.0
020 a ISBN 978-5-907884-36-6
080 a Индекс УДК 082
080 a Индекс УДК 33(03)
080 a Индекс УДК 34
080 a Индекс УДК 001
084 a Индекс другой классификации/Индекс ББК У05
084 a Индекс другой классификации/Индекс ББК Х
090 x Авторский знак И 88
a Полочн. индекс 08
097 b Оператор *Ст*
097 b Оператор *Мал*
245 10 a Заглавие Исследования молодых ученых - 2024
b Продолж. заглавия материалы студенческой Международной научно-практической конференции (25 апреля 2024 г.)
c Ответственность Курский институт кооперации (филиал) БУКЭП [и др.]
260 a Место издания Курск
c Дата издания 2024
b Издательство Университетская книга
300 a Объем 307 с.
516 8_ a Прим. о типе комп. файла/ данных Текст : непосредственный
520 0_ a Аннотация В сборнике представлены материалы студенческой международной научно-практической конференции «Исследования молодых ученых – 2024», прошедшей в Курском институте кооперации (филиале) БУКЭП 25 апреля 2024 г. Статьи печатаются в авторской редакции. Издание предназначено для ученых, преподавателей, студентов и всех, кто интересуется проблемами образования и науки.
653 0_ a Ключевые слова Молодые ученые
a Ключевые слова Исследования молодых ученых
a Ключевые слова Социальная сфера
a Ключевые слова Образование
a Ключевые слова Наука
655 a Жанр/ форма (устаревшее) *Н*
901 t Тип документа m
905 b Дата создания записи обработка 22.12.25
922 d Кафедра (список) Психология, история и философия
952 e Факультет *ФУСК*
952 a Тип литературы для КСУ ВШ *Н*
990 h N записи в КСУ для Б/У (DOS) 7/2025
990 f Даты поступлений (DOS) 17.01.25
g Размещение заказа (DOS) пожертвование православного Прихода Успенского
j Количество экземпляров (DOS) 1